=LDR 00000nam 2200000 4500 =001 NUTBA000000000001689 =005 20140510104811.0 =006 =007 =008 =020 ##$$a 979-963-444-x =035 ##$$a 0010-051400000000154 =082 ##$$a 813 =090 ##$$a 813 Zae c =100 ##$$a Lalu Muhammad Zaenudin =245 ##$$a Cogito ALLAH Sum"Semakin Aku Berpikir Ternyata Allah Semakin Ada" =260 ##$$a Jogjakarta $b Diva Press $c 2008 =300 ##$$a 290 hlm $c 21 cm. =850 ##$$a NBPNMAT =990 ##$$a 21196532/BPAP-NTB/2014 =990 ##$$a 21197181/BPAP-NTB/2014 =990 ##$$a 21197182/BPAP-NTB/2014 =990 ##$$a 0001/BPAP-NTB/20142014